A study of the 1974 outbreak of dengue haemorrhagic fever in Johor state /
Saved in:
| Main Author: | |
|---|---|
| Format: | Thesis Book |
| Language: | English |
| Published: |
1976.
|
| Subjects: | |
| Tags: |
Add Tag
No Tags, Be the first to tag this record!
|
| LEADER | 00819cam a2200229 a 4500 | ||
|---|---|---|---|
| 001 | u178588 | ||
| 003 | SIRSI | ||
| 008 | 920617s1976 my t 00 1 eng | ||
| 035 | |a AAV-3459 | ||
| 040 | |a UMP | ||
| 096 | |a WC528 |b Sin 1976 | ||
| 100 | 1 | 0 | |a Singh, Ajit. |
| 245 | 1 | 2 | |a A study of the 1974 outbreak of dengue haemorrhagic fever in Johor state / |c by Ajit Singh. |
| 260 | |c 1976. | ||
| 300 | |a vi, 67 leaves : |b maps ; |c 29 cm. | ||
| 502 | |a Dissertation (M.P.H.) -- Jabatan Perubatan Kemasyarakatan dan Pencegahan, Fakulti Perubatan, Universiti Malaya, 1976. | ||
| 504 | |a Bibliography: leaves 43-47. | ||
| 650 | 2 | |a Dengue |x epidemiology |z Johore. | |
| 650 | 2 | |a Epidemic Haemorrhagic Fever. | |
| 948 | |a 17/06/1992 |b 28/10/1995 | ||
| 596 | |a 2 | ||
| 999 | |a WC528 SIN 1976 |w NLM |c 1 |i A502455187 |l STACKS |m P02MEDKL |r Y |s Y |t TESIS |u 24/9/1995 | ||
